[Event "COL-ch School U09"]
[Site "Bogota"]
[Date "2014.11.14"]
[Round "1.3"]
[White "Velasquez, Joan Sebastian"]
[Black "Ramirez, Yosver Alexander"]
[Result "1-0"]
[WhiteElo "1444"]
[BlackElo "1277"]
[PlyCount "55"]
[EventDate "2014.11.14"]
[EventType "swiss"]
[EventRounds "6"]
[EventCountry "COL"]
[SourceTitle "EXT 2024"]
[Source "ChessBase"]
[SourceDate "2023.10.10"]
[SourceVersion "1"]
[SourceVersionDate "2023.10.10"]
[SourceQuality "1"]

1. e4 d5 2. exd5 Qxd5 3. Nc3 Qa5 4. Nf3 Bg4 5. g3 Nc6 6. Bg2 g6 7. 0-0 Bg7 8. Qe1 0-0-0 9. Ng5 Ne5 10. Qe4 Rf8 11. Qxb7+ Kd7 12. d4 f6 13. dxe5 fxg5 14. Qc6+ Kc8 15. Nd5 Bxe5 16. Qa8+ Kd7 17. Qxf8 Be2 18. Bxg5 Bxf1 19. Rxf1 Bxb2 20. Rd1 Bc1 21. Nf6+ Ke6 22. Nxg8 Qxg5 23. Bh3+ Ke5 24. Qg7+ Ke4 25. Bg2+ Kf5 26. Rd5+ Kg4 27. Nh6+ Kh5 28. Bf3# 1-0